00612nam a2200169Ia 4500008004100000020001000041040001600051041001200067082002200079100005200101245003500153260006300188300001100251942000700262952015600269999001700425230917s9999||||xx |||||||||||||| ||und|| cRS332 e25581aMAIN aEnglish a030.954 I2I(1996) aIndia, Ministry of Information and Broadcasting 0aIndia 1996: A reference annual aDelhibIndia, Ministry of Information & Broadcastingc1997 a846 p. cBK 0010406030_954000000000000_I2I1996709147544aMAINbMAINd2002-08-29g332.00l0o030.954 I2I(1996)p181665r2023-09-17 21:07:03w2023-09-17yBKg332 c98550d98550